• 首页
  • 本馆介绍
  • 公告通知
  • 最新文献
  • 馆藏检索
  • 电子资源
  • 读者导购
  • 参考咨询
  • 我的图书馆
  • 登录
  • 详细信息显示
  • 放入我的书架
  • 预约/预借图书
  • 作者相关作品
  • 分类相关作品
  • 丛书相关作品
  • 出版社相关作品

书目信息

  • 表格格式
  • 工作单格式
  • 卡片格式
题名:
中国稻田蜘蛛群落结构和功能的研究
    
 
作者: 王洪金 主编
分册:  
出版信息: 长沙   湖南师范大学出版  2006
页数: 300页
开本: 26cm
丛书名:
单 册:
中图分类: S435.112
科图分类:
主题词: 蜘蛛目--应用--稻区--虫害--生物防治 , 蜘蛛目 , 稻区 , 虫害 , 生物防治
电子资源:
ISBN: 7-81081-635-7
000 00938nam0 2200289 450
001 012007659717
005 20070517100218.64
010    @a7-81081-635-7@dCNY38.00
100    @a20070512d2006 km y0chiy0120 ea
101 0  @achi
102    @aCN@b430000
105    @ay z 001yy
106    @ar
200 1  @a中国稻田蜘蛛群落结构和功能的研究@Azhong guo dao tian zhi zhu qun luo jie gou he gong neng de yan jiu@f王洪金主编@Fwang hong jin zhu bian
210    @a长沙@c湖南师范大学出版@d2006
215    @a300页@d26cm
300    @a国家自然科学基金重点项目
330    @a本书主要研究蜘蛛的群落和功能,是国家自然科学基金九五重点资助项目,该书是此项目研究进展和成果的情况介绍。
606 0  @a蜘蛛目@x应用@x稻区@x虫害@x生物防治
606 0  @a蜘蛛目
606 0  @a稻区
606 0  @a虫害
606 0  @a生物防治
690    @aS435.112@v4
701  0 @a王洪金@Awang hong jin@4主编
801  0 @aCN@bRULIN@c20070517
905    @dS435.112@e56@s5
    
    中国稻田蜘蛛群落结构和功能的研究/王洪金主编.-长沙:湖南师范大学出版,2006
    300页;26cm
    国家自然科学基金重点项目
    
    ISBN 7-81081-635-7:CNY38.00
    本书主要研究蜘蛛的群落和功能,是国家自然科学基金九五重点资助项目,该书是此项目研究进展和成果的情况介绍。
●
相关链接 在E读中查询图书 在五车中查询图书 在当当中查询图书 在豆瓣中查询图书


正题名:中国稻田蜘蛛群落结构和功能的研究     索取号:S435.112/56         预约/预借

序号 登录号 条形码 馆藏地/架位号 状态 备注
1 0572695   205726954   第二样本阅览室/ [索取号:S435.112/56] 在馆    
2 0572696   205726963   第三借阅区/ [索取号:S435.112/56] 在馆    
3 0572697   205726972   第三借阅区/ [索取号:S435.112/56] 在馆    
4 0572698   205726981   第三借阅区/ [索取号:S435.112/56] 在馆    
5 0572699   205726990   第三借阅区/ [索取号:S435.112/56] 在馆    
唐山师范学院图书馆 欢迎您!
大连网信软件有限公司© 版权所有